Адаптинная математическая модель реаторного блока установки каталитического реформинга бензилов; Методы исследования в химии и химической технологии

Detalles Bibliográficos
Parent link:Методы исследования в химии и химической технологии.— 1986.— С. 113-119
Autor Principal: Кузьменко Е. А. Елена Анатольевна
Outros autores: Федоров А. Ф. Анатолий Федорович
Summary:Деп. в ОНИИТЭХим, г. Черкассы, 12.06.86, 770-ХП-86
Idioma:ruso
Publicado: 1986
Subjects:
Formato: Capítulo de libro
KOHA link:https://koha.lib.tpu.ru/cgi-bin/koha/opac-detail.pl?biblionumber=594183

MARC

LEADER 00000naa0a2200000 4500
001 594183
005 20250203141929.0
035 |a (RuTPU)RU\TPU\tpu\8587 
090 |a 594183 
100 |a 20020517d1986 k y0rusy50 ca 
101 0 |a rus 
102 |a RU 
200 1 |a Адаптинная математическая модель реаторного блока установки каталитического реформинга бензилов  |f Е. А. Кузьменко, А. Ф. Федоров 
300 |a Деп. в ОНИИТЭХим, г. Черкассы, 12.06.86, 770-ХП-86 
463 |t Методы исследования в химии и химической технологии  |o материалы научно-практической конференции (Томск, 20-22 мая 1986)  |o секция научные основы и исследования процессов переработки горючих ископаемых  |v С. 113-119  |d 1986 
610 1 |a труды учёных ТПУ 
700 1 |a Кузьменко  |b Е. А.  |c химик-технолог  |c доцент Томского политехнического университета, кандидат технических наук  |f 1958-  |g Елена Анатольевна  |3 (RuTPU)RU\TPU\pers\3367  |9 11727 
701 1 |a Федоров  |b А. Ф.  |c кандидат технических наук  |c ХТФ  |f 1937-  |g Анатолий Федорович  |3 (RuTPU)RU\TPU\pers\3549 
801 1 |a RU  |b 63413507  |c 20020517  |g PSBO 
801 2 |a RU  |b 63413507  |c 20100127  |g PSBO 
942 |c BK